01428nam a2200409 i 45000010005000000030009000050050017000140080039000310150017000700400028000870460009001150800012001241000027001362450078001632500015002412600059002563000033003153360027003483370054003753380028004293800016004573880014004733880014004875000055005015040023005565210051005796500027006306500025006576580028006827000045007107100041007558560097007969420012008939990015009059520048009209520050009688414KOSZ 00520201007083642.0071102s1967 pl a f 000 0 pol aPB 1967/2762 aWA NcWA NdKOSZ 005/ID k1967 a621.3131 aZembrzuski, JaneAutor10aUzwojenia silników indukcyjnych /cJan Zembrzuski, Zbigniew Kratochwil. aWyd. 2 zm. aWarszawa :bWydawnictwa Naukowo-Techniczne,cdr. 1967. a314, [4] s. :bil. ;c23 cm. 2rdacontentaTekstbtxt 2rdamediaaBez urządzenia pośredniczącegobn 2rdacarrieraWoluminbNc aKsiążki a1901-2000 a1945-1989 aWyd. 1 pod hasłem : Kratochwil Z., Zembrzuski, J. aBibliogr. s.[317].8 aDla techników, inżynierów i studentów. 4aSilniki asynchroniczne 4aBudowa i konstrukcje aInżynieria i technika1 aKratochwil, Zbigniewd(1913-2002)eAutor2 aWydawnictwa Naukowo-Techniczne4pbl. uhttp://koha.tu.koszalin.pl/cgi-bin/koha/opac-detail.pl?biblionumber=8414yKatalog online BPK 2UKDcKS c8414d8414 00104070aBPKbBPKcwo5089p01210132yKS 00104070aBPKbBPKcwo5089/Lp02230672yKS